Calculations for molecular biology and biotechnology / (Record no. 598391)

000 -LEADER
fixed length control field 00292nam a2200109Ia 4500
008 - FIXED-LENGTH DATA ELEMENTS--GENERAL INFORMATION
fixed length control field 230907s9999||||xx |||||||||||||| ||und||
082 ## - DEWEY DECIMAL CLASSIFICATION NUMBER
Classification number 572.80285
Author Mark STE
245 #0 - TITLE STATEMENT
Title Calculations for molecular biology and biotechnology /
260 ## - PUBLICATION, DISTRIBUTION, ETC.
Place of publication, distribution, etc. Academic Press,
Date of publication, distribution, etc. 2016
300 ## - PHYSICAL DESCRIPTION
Extent 481 p.
942 ## - ADDED ENTRY ELEMENTS (KOHA)
Koha item type Book
Holdings
Withdrawn status Lost status Damaged status Not for loan Permanent Location Current Location Date acquired Total Checkouts Full call number Barcode Date last seen Price effective from Koha item type
        US-Pakistan Center for Advanced Studies in Energy (USPCAS-E) US-Pakistan Center for Advanced Studies in Energy (USPCAS-E) 07/17/2019   572.80285 STE CAS-E0002490 09/12/2023 09/12/2023 Book
© 2023 Central Library, National University of Sciences and Technology. All Rights Reserved.